Citez un des personnages figurant sur ces couvertures de One Piece (5) - Statistiques

Statistiques générales
  • Ce quiz a été pris 120 fois
  • Le résultat moyen est 18 sur 20
Statistiques - réponses
Par images Réponse % Correct
Nami | Tony-Tony Chopper | Brook | Pedro | Carrot | Pekoms | Nefertari Vivi
100%
Sanji | Judge Vinsmoke | Reiju Vinsmoke | Ichiji Vinsmoke | Yonji Vinsmoke | Niji Vinsmoke
100%
Sanji | Nami | Tony-Tony Chopper | Brook | Momonosuké Kozuki | Caborage | Chavipère | Wanda | Carrot | Sicilian | Roddy | Blackback | Pedro
100%
Brook | Jinbe | Nami | Monkey D. Luffy | Pedro | Tony-Tony Chopper | Reiju Vinsmoke | Carrot
99%
Vito | Gotti | Charlotte Chiffon | Capone Pets | César Clown | Capone Bege | Charlotte Pudding | Sanji
99%
Napoléon | Charlotte Linlin | Charlotte Praline | Charlotte Brûlée | Charlotte Slurp | Charlotte Cracker | Charlotte Opera | Charlotte Mont d
98%
Carrot | Nami | Sanji | Tony-Tony Chopper | Charlotte Chiffon | Charlotte Pudding | Jinbe | Capone Bege | Brook
97%
Napoléon | Charlotte Linlin | Zeus | Prométhée | Pekoms | Delœuf | Charlotte Compote | Charlotte Mont d'or
94%
Charlotte Linlin | Brook | Shanks | Kaido | Tony-Tony Chopper | Marshall D. Teach
91%
Kaido | Charlotte Linlin | Tony-Tony Chopper | Raizo | Hyogoro | Kikunojo | Momonosuké | Kawamatsu | Tama
91%
Queen | Hyogoro | Yasuie Shimotsuki | Roronoa Zoro | Toko | Hiyori Kozuki | Sanji
91%
Tony-Tony Chopper | Franky | Brook | Usopp | Sanji | Nami | Roronoa Zoro | Tama | Nico Robin
91%
Marco | Edward Newgate | Gol D. Roger | Silvers Rayleigh | Oden Kozuki | Joz | Marshall D. Teach | Baggy | Shanks
90%
Portgas D. Ace | Yamato | Sanji | Roronoa Zoro
90%
Zeus | Napoléon | Charlotte Linlin | Prométhée | Jinbe | Tony-Tony Chopper | Usopp | Nico Robin
90%
Kaido | Hiyori Kozuki | Toko | Eustass Kidd | Roronoa Zoro | Usopp | Franky | Nico Robin
89%
Wapol | Shirahoshi | Nefertari Cobra | Hattori | Rob Lucci | Sabo | Jewerly Bonney | Rebecca | Manshelly | Bartholomew Kuma | Léo | Nefertari Vivi | Kaloo | Monkey D. Garp
89%
Chavipère | Caborage | Raizo | Izo | Yamato | Ashura Doji | Kawamatsu | Kinémon | Denjiro | Kikunojo
85%
Sasaki | Black Maria | Ulti | Kidd | Law | X-Drake | Page One | Who
85%
Charlotte Dent-de-chien
31%
Aucun quiz correspondant
Distribution des résultats
% des personnes avec chaque résultat
Percentile par nombre de réponses
Votre historique - résultats
Vous n’avez pas pris ce quiz